Minecraft True Or False - Statistics

General Stats
  • This quiz has been taken 35 times
    22 since last reset
  • The average score is 9 of 14
Answer Stats
Question Answer % Correct
Minecraft's old name was "Cave Game". True
100%
Minecraft was released in 2011. False
75%
Java edition has no difference to Bedrock edition. False
75%
A creeper will drop a random item if a skeleton kills it. False
75%
In minecraft you can ride more than 4 mobs. True
75%
You can eat a spider drop. True
75%
You can use a lead on a boat. True
75%
One day in Minecraft is 30 minutes in real-time. False
50%
If a enderman is hit by an arrow with affect, it receives the affect of the arrow. False
50%
Mobs can be turned in to other mobs when struck by lightning. True
50%
Snow golems leave snow trails on every block. True
50%
You always pick up items in the sequence in which they were thrown. True
50%
Skeletons are afraid of wolves. True
50%
The Creeper was meant to be a cow. False
25%
No matching quizzes found
Score Distribution
Percent of People with Each Score
Percentile by Number Answered
Your Score History
You have not taken this quiz since the last reset